[Event "FRA-ch op-B"]
[Site "Nimes"]
[Date "2018.08.18"]
[Round "5"]
[White "Dimey, Cyrille"]
[Black "Destic, Pablo"]
[Result "1-0"]
[WhiteElo "1807"]
[BlackElo "1921"]
[PlyCount "45"]
[EventDate "2018.08.18"]
[EventType "swiss"]
[EventRounds "9"]
[EventCountry "FRA"]
[SourceTitle "CBM 186 Extra"]
[Source "ChessBase"]
[SourceDate "2018.08.24"]
[SourceVersion "1"]
[SourceVersionDate "2018.08.24"]
[SourceQuality "1"]

1. d4 g6 2. c4 c5 3. d5 Bg7 4. Nc3 Bxc3+ 5. bxc3 f5 6. Nf3 Nf6 7. Qc2 d6 8. Bf4 Qa5 9. Nd2 Nbd7 10. f3 Nb6 11. e3 Bd7 12. Bd3 0-0-0 13. 0-0 e5 14. dxe6 Bxe6 15. Rfb1 Qa4 16. Qb2 Rd7 17. Bc2 Qa6 18. a4 Re8 19. a5 Nxc4 20. Qc1 Nd5 21. Ba4 Ncxe3 22. Bxe3 Nxe3 23. Bb5 1-0